000 00812nam 22002293 4500
001 201176
010 _a978-989-50-1257-2
021 _aPT
_b293197/09
090 _a201176
100 _a20260312d u||y0pory50 ba
101 _apor
200 _aA Idade do Gelo 3 Despertar dos Dinossauros.
_eOs Meus Três Pais
_fA. J. Wilde (adapt.)
_gTradução de Maria João Rodrigues
210 _aRio de Mouro
_cEverest Editora
_d2009
215 _a[27] p. : todo il.
_cEncadernado
_d23 x 23 cm
300 _aBaseado no filme
304 _aTít. orig.: Ice age : dawn of the Dinosaurs : my three dads
606 _947
_aLiteratura Infantil Americana
675 _a821.111(73)-93/WIL/IDA
_vPT
_zpor
700 _916794
_aWilde
_bA. J.
801 _aPT
_bBMMN
_gRPC
830 _cCarlos Pinto
_d12-03-2026
_fCarlos Pinto
990 _cLIVROS